Second international conference/workshop on integrating geographic information systems and environmental modeling.

שמור ב:
מידע ביבליוגרפי
Corporate Authors: International Conference/Workshop on Integrating Geographic Information Systems and Environmental Modeling Breckenridge, Colo., National Center for Geographic Information & Analysis (U.S.)
פורמט: Conference Proceeding ספר
שפה:English
יצא לאור: [Santa Barbara, Calif. : NCGIA, 1993.
נושאים:
LEADER 01302cam a2200265 a 4500
001 c000282009
003 CARM
005 20080429124534.0
008 940214s1993 caua b 100 0 eng d
019 1 |a 10708815  |5 LACONCORD2021 
035 |a (OCoLC)225952146  |5 LACONCORD2021 
040 |a VU  |b eng  |c VU  |d VCAV 
111 2 |a International Conference/Workshop on Integrating Geographic Information Systems and Environmental Modeling  |n (2nd :  |d 1993 :  |c Breckenridge, Colo.) 
245 1 0 |a Second international conference/workshop on integrating geographic information systems and environmental modeling. 
260 |a [Santa Barbara, Calif. :  |b NCGIA,  |c 1993. 
300 |a 1 v. (various pagings) :  |b ill. ;  |c 30 cm. 
500 |a In 3-ring binder. 
650 0 |a Geographic information systems  |v Congresses. 
650 0 |a Geography  |x Data processing  |v Congresses. 
650 0 |a Environmental engineering  |x Data processing  |v Congresses. 
650 0 |a Environmental protection  |x Data processing  |v Congresses. 
710 2 |a National Center for Geographic Information & Analysis (U.S.) 
852 8 |b CARM  |h A3:AR10D0  |i E01968  |p 0394506  |f BK 
999 f f |i 4960d173-61de-50aa-9698-72bc70299986  |s afd2ab6b-f560-5059-81f0-32026889a6d2 
952 f f |p Can circulate  |a CAVAL  |b CAVAL  |c CAVAL  |d CARM 1 Store  |e E01968  |f A3:AR10D0  |h Other scheme  |i book  |m 0394506